Apparent places of fundamental stars 1987 (Record no. 8995)

MARC details
000 -LEADER
fixed length control field 00629nam a2200193Ia 4500
003 - CONTROL NUMBER IDENTIFIER
control field IN-BaIIA
008 - FIXED-LENGTH DATA ELEMENTS--GENERAL INFORMATION
fixed length control field 211028s9999 xx 000 0 eng d
020 ## - INTERNATIONAL STANDARD BOOK NUMBER
International Standard Book Number 3-7650-0087-6
040 ## - CATALOGING SOURCE
Transcribing agency IIA Library
080 ## - UNIVERSAL DECIMAL CLASSIFICATION NUMBER
Universal Decimal Classification number 083.8:523.8
Item number APP-87
110 ## - MAIN ENTRY--CORPORATE NAME
Corporate name or jurisdiction name as entry element International Astronomical Union
245 #0 - TITLE STATEMENT
Title Apparent places of fundamental stars 1987
Statement of responsibility, etc. International Astronomical Union
260 ## - PUBLICATION, DISTRIBUTION, ETC.
Place of publication, distribution, etc. Heidelberg
Name of publisher, distributor, etc. Astronomisches Rechen-Institut
Date of publication, distribution, etc. 1986
300 ## - PHYSICAL DESCRIPTION
Extent xlvi, 510p.
650 ## - SUBJECT ADDED ENTRY--TOPICAL TERM
Topical term or geographic name entry element Astronomy and Astrophysics Thesaurus
650 ## - SUBJECT ADDED ENTRY--TOPICAL TERM
Topical term or geographic name entry element Catalogue-Stars
9 (RLIN) 966
650 ## - SUBJECT ADDED ENTRY--TOPICAL TERM
Topical term or geographic name entry element Stars-Catalogue
9 (RLIN) 967
942 ## - ADDED ENTRY ELEMENTS (KOHA)
Koha item type Books
Holdings
Withdrawn status Lost status Damaged status Not for loan Home library Current library Shelving location Date acquired Total Checkouts Full call number Barcode Date last seen Price effective from Koha item type
        IIA Library-Bangalore IIA Library-Bangalore General Stacks 24/03/1987   083.8:523.8/ APP-87 9886 05/11/2021 24/03/1987 Books

Powered by Koha